Sciences économiques
Պահպանված է:
| Հիմնական հեղինակներ: | , , , , , , , , , , , , |
|---|---|
| Ձևաչափ: | Գիրք |
| Լեզու: | իսպաներեն |
| Հրապարակվել է: |
París
UNESCO
1954
|
| Շարք: | Les Sciences Sociales dans l'Enseignement Supérieur
|
| Խորագրեր: | |
| Ցուցիչներ: |
Ավելացրեք ցուցիչ
Չկան պիտակներ, Եղեք առաջինը, ով նշում է այս գրառումը!
|
MARC
| LEADER | 00000nam a2200000 a 4500 | ||
|---|---|---|---|
| 001 | UCU1178 | ||
| 003 | CL-VaPUC | ||
| 008 | 960329e19540000FR |||||||||||||||||spa|d | ||
| 082 | 0 | 4 | |a 330 |b GUI |2 21 |
| 100 | 0 | |a Guillebaud, C. W |e author |9 356783 | |
| 700 | 0 | |a Clemens, R |e author |9 356784 | |
| 700 | 0 | |a Messiha, Wahib |e author |9 356785 | |
| 700 | 0 | |a james, E |e author |9 356786 | |
| 700 | 0 | |a Lütge, F |e author |9 356787 | |
| 700 | 0 | |a Preiser, E |e author |9 356788 | |
| 700 | 0 | |a Vakil, C. N |e author |9 356789 | |
| 700 | 0 | |a Arena, C |e author |9 356790 | |
| 700 | |a Kozlik, Adolf |e author |9 356791 | ||
| 700 | 0 | |a Palander, T |e author |9 356792 | |
| 700 | 0 | |a Taylor, H |e author |9 356793 | |
| 700 | 0 | |a Uvalic, R |e author |9 356794 | |
| 700 | 0 | |a Tintner, G |e author |9 356795 | |
| 245 | 1 | 0 | |a Sciences économiques |
| 300 | |a 156 p | ||
| 942 | |c BK | ||
| 945 | |d 19960329 00:00:00 |a paguirre | ||
| 260 | |a París |b UNESCO |c 1954 | ||
| 650 | 0 | |a Economía |9 255568 | |
| 650 | 7 | |a RECURSOS ECONOMICOS |2 CL-VaPUC |9 314744 | |
| 583 | |a last modification |c 20170824 09:40:46 |k Rodrigo Vera | ||
| 490 | 0 | |a Les Sciences Sociales dans l'Enseignement Supérieur | |
| 999 | |c 245891 |d 245889 | ||
| 952 | |0 0 |1 0 |4 0 |6 330_000000000000000_GUI_1954 |7 0 |8 P |9 260516 |a BIBEDU |b BIBEDU |c BIBEDU_PB |d 2019-11-19 |i 2013797 |o 330 GUI 1954 |p 2013797 |r 2024-01-25 |w 2019-11-19 |y BK |k EDU | ||